00265nam a2200109Ia 4500008004100000100003100041245002800072250001200100260002700112300000800139650000800147191201s2011 xx 000 0 und d aBHATTACHARYYA, Dipak Kumar 0aCompensation Management aIMP 4th aN. DelhibOxfordc2011 a448 aMBA